| 000 | 00578nam a2200229Ia 4500 | ||
|---|---|---|---|
| 003 | OSt | ||
| 005 | 20220924151957.0 | ||
| 006 | a|||||r|||| 00| 0 | ||
| 007 | ta | ||
| 008 | 220923b |||||||| |||| 00| 0 mar d | ||
| 024 | _a340220 | ||
| 037 | _cTextual | ||
| 040 |
_aARTS _cARTS _bmar |
||
| 041 |
_2mar _amar |
||
| 082 | _aO155,2M58,2, K1 | ||
| 100 |
_aShsstri Vaman _9225483 |
||
| 245 | 0 | _aShiv sabava | |
| 260 | _c1961 | ||
| 650 |
_aMARATHI LITERATURE _938000 |
||
| 942 |
_hO155,2M58,2, K1 _cTEXL _2CC |
||
| 999 |
_c468289 _d468289 |
||